Among Congo pigmies, (Record no. 122792)
[ view plain ]
| 000 -LEADER | |
|---|---|
| fixed length control field | 00904cam a2200277I 4500 |
| 001 - CONTROL NUMBER | |
| control field | 4605177 |
| 003 - CONTROL NUMBER IDENTIFIER | |
| control field | ARRUPE |
| 005 - DATE AND TIME OF LATEST TRANSACTION | |
| control field | 20150504113309.0 |
| 008 - FIXED-LENGTH DATA ELEMENTS--GENERAL INFORMATION | |
| fixed length control field | 780220s1933 enkabfc 001 0 eng |
| 010 ## - LIBRARY OF CONGRESS CONTROL NUMBER | |
| LC control number | 33015770 |
| 035 ## - SYSTEM CONTROL NUMBER | |
| System control number | (OCoLC)ocm03653311 |
| 035 ## - SYSTEM CONTROL NUMBER | |
| System control number | (NNC)4605177 |
| 040 ## - CATALOGING SOURCE | |
| Original cataloging agency | DLC |
| Transcribing agency | CWR |
| Modifying agency | OCL |
| 041 1# - LANGUAGE CODE | |
| Language code of text/sound track or separate title | eng |
| Language code of original and/or intermediate translations of text | ger |
| 050 0# - LIBRARY OF CONGRESS CALL NUMBER | |
| Classification number | DT650 |
| Item number | .S32 |
| 098 ## - OTHER CLASSIFICATION SCHEMES (OCLC) | |
| Call number based on other classification scheme | MX16.5 |
| 300 ## - PHYSICAL DESCRIPTION | |
| Other physical details | front., illus. (3 maps) plates, ports. |
| Dimensions | 24 cm. |
| 100 1# - MAIN ENTRY--PERSONAL NAME | |
| Personal name | Schebesta, Paul, |
| Dates associated with a name | 1887-1967. |
| 9 (RLIN) | 17638 |
| 245 10 - TITLE STATEMENT | |
| Title | Among Congo pigmies, |
| Statement of responsibility, etc | by Paul Schebesta; translated from the German by Gerald Griffin; with 89 photographs and three maps. |
| 260 ## - PUBLICATION, DISTRIBUTION, ETC. (IMPRINT) | |
| Place of publication, distribution, etc | London, |
| Name of publisher, distributor, etc | Hutchinson & Co., Ltd. |
| Date of publication, distribution, etc | [1933] |
| 300 ## - PHYSICAL DESCRIPTION | |
| Extent | 287 p. |
| 650 #0 - SUBJECT ADDED ENTRY--TOPICAL TERM | |
| Topical term or geographic name as entry element | Mbuti (African people) |
| 9 (RLIN) | 17639 |
| 650 #0 - SUBJECT ADDED ENTRY--TOPICAL TERM | |
| Topical term or geographic name as entry element | Ethnology |
| Geographic subdivision | Congo (Democratic Republic) |
| 9 (RLIN) | 17640 |
| 700 1# - ADDED ENTRY--PERSONAL NAME | |
| Personal name | Griffin, Gerald, |
| Relator term | translator. |
| 9 (RLIN) | 17641 |
| 942 ## - ADDED ENTRY ELEMENTS (KOHA) | |
| Source of classification or shelving scheme | Library of Congress Classification |
| Koha item type | Monograph ( Printed materials) |
| Withdrawn status | Lost status | Source of classification or shelving scheme | Damaged status | Not for loan | Collection code | Home library | Current library | Shelving location | Date acquired | Total Checkouts | Full call number | Barcode | Date last seen | Price effective from | Koha item type |
|---|---|---|---|---|---|---|---|---|---|---|---|---|---|---|---|
| Library of Congress Classification | Main Collection | ARRUPE LIBRARY | ARRUPE LIBRARY | Main Collection | 04/05/2015 | DT650.S32 | 46500002392 | 07/12/2017 | 04/05/2015 | Monograph ( Printed materials) |